00919 2200325 4500001002100000005001500021035002000036007000300056040001700059100003000076245006900106250001200175300003300187020002200220041000800242090002200250264003900272336002100311337003000332338002300362500002700385650001100412700002800423850001000451008004100461990002300502990002300525990002200548990002300570INLIS00000000000890420260513021713 a0010-1022000279ta aSBPUPADbind0 aIrcham Satria;ePengarang1 aTeknik Maut Jago Main Gitar /cIrcham Satria;Editor:Abdul Latief a.-cet.1 a94 hlm. :bilus. ;c14x21 cm a978-602-7732-80-3 aind a787.87 IRC t 23-8 a.--Jakarta :bLaskar Aksara,c2014 2rdacontentateks 2rdamediaatanpa perantara 2rdacarrieravolume aProfile Penulis,90 hlm 4aMusik/ aAbdul LatiefePengarang aPUPAD260513 0  a22.468/KAPD/2016/B a22.469/KAPD/2016/B a22.47/KAPD/2016/B a22.470/KAPD/2016/B